| 000 | 00387nam a2200097Ia 4500 | ||
|---|---|---|---|
| 008 | 180130s9999 xx 000 0 und d | ||
| 245 |
_cKorosec, Peter; Silc, Jurij _aComputer applications of the algorithm on real-world continuous optimization problems |
||
| 260 | _c2015 | ||
| 300 | _aBook title: Computer science handbook--Acession number C20740; pages 1 - 24 | ||
| 650 | _aCOMPUTER SCIENCE | ||
| 999 |
_c353824 _d353824 |
||